<?xml version="1.0" encoding="UTF-8"?>
<record
    xmlns:xsi="http://www.w3.org/2001/XMLSchema-instance"
    xsi:schemaLocation="http://www.loc.gov/MARC21/slim http://www.loc.gov/standards/marcxml/schema/MARC21slim.xsd"
    xmlns="http://www.loc.gov/MARC21/slim">

  <leader>01067caa a22001932a 4500</leader>
  <controlfield tag="001">  017350</controlfield>
  <controlfield tag="003">  AR-FADEU</controlfield>
  <controlfield tag="008">  311216n########xxu####################dd</controlfield>
  <datafield tag="092" ind1=" " ind2=" ">
    <subfield code="a">D340.1</subfield>
    <subfield code="b">G425</subfield>
  </datafield>
  <datafield tag="100" ind1=" " ind2=" ">
    <subfield code="a">Ghirardi, Olsen A.</subfield>
  </datafield>
  <datafield tag="245" ind1=" " ind2=" ">
    <subfield code="a">Los conceptos jur&#xED;dicos como construcciones a partir de la praxis</subfield>
  </datafield>
  <datafield tag="300" ind1=" " ind2=" ">
    <subfield code="a">PP. 11-60</subfield>
  </datafield>
  <datafield tag="500" ind1=" " ind2=" ">
    <subfield code="a">En: El fen&#xF3;meno jur&#xED;dico / dir. Olsen A. Ghirardi. C&#xF3;rdoba : Academia Nacional de Derecho y Ciencias Sociales, 2003</subfield>
  </datafield>
  <datafield tag="942" ind1=" " ind2=" ">
    <subfield code="c">BDGR</subfield>
  </datafield>
  <datafield tag="999" ind1=" " ind2=" ">
    <subfield code="c">23098</subfield>
    <subfield code="d">23098</subfield>
  </datafield>
  <datafield tag="773" ind1="0" ind2=" ">
    <subfield code="0">17749</subfield>
    <subfield code="9">18198</subfield>
    <subfield code="a">Ghirardi, Olsen A.</subfield>
    <subfield code="b"></subfield>
    <subfield code="d">C&#xF3;rdoba</subfield>
    <subfield code="o">16194</subfield>
    <subfield code="t">El siglo XXI y el razonamiento forense</subfield>
    <subfield code="w">(  AR-FADEU)  011976</subfield>
    <subfield code="x"></subfield>
    <subfield code="z"></subfield>
  </datafield>
  <datafield tag="773" ind1="0" ind2=" ">
    <subfield code="0">23097</subfield>
    <subfield code="9">22970</subfield>
    <subfield code="a">Ghirardi, Olsen A., dir.</subfield>
    <subfield code="b"></subfield>
    <subfield code="d">C&#xF3;rdoba</subfield>
    <subfield code="o">2571</subfield>
    <subfield code="t">El fen&#xF3;meno jur&#xED;dico</subfield>
    <subfield code="w">(  AR-FADEU)  017349</subfield>
    <subfield code="x"></subfield>
    <subfield code="z">987-1125-14-0</subfield>
  </datafield>
  <datafield tag="773" ind1="0" ind2=" ">
    <subfield code="0">24427</subfield>
    <subfield code="9">24206</subfield>
    <subfield code="a">Ghirardi, Olsen A., dir.</subfield>
    <subfield code="b"></subfield>
    <subfield code="d">C&#xF3;rdoba</subfield>
    <subfield code="o">4647</subfield>
    <subfield code="t">Formas y evoluci&#xF3;n del razonar judicial</subfield>
    <subfield code="w">(  AR-FADEU)  018697</subfield>
    <subfield code="x"></subfield>
    <subfield code="z">987-1123-29-9</subfield>
  </datafield>
  <datafield tag="773" ind1="0" ind2=" ">
    <subfield code="0">26527</subfield>
    <subfield code="9">25562</subfield>
    <subfield code="a">Ghirardi, Olsen A., dir.</subfield>
    <subfield code="b"></subfield>
    <subfield code="d">C&#xF3;rdoba</subfield>
    <subfield code="o">18096</subfield>
    <subfield code="t">Discusiones en torno del derecho judicial</subfield>
    <subfield code="w">(  AR-FADEU)  020808</subfield>
    <subfield code="x"></subfield>
    <subfield code="z">978-987-1123-54-4</subfield>
  </datafield>
</record>
